Kanadyjska imigracja według państw - Statystyki

Ogólne statystyki
  • Ten quiz został rozwiązany 11 390 razy
    3 506 od ostatniego zresetowania
  • Średni wynik to 12 z 20
Statystyki odpowiedzi
Liczba osób Zmiana
(wzgledem 2016r.)
Państwo % Poprawnych
256,090 -19% Stany Zjednoczone
99%
90,585 5% Meksyk
95%
135,030 -13% Polska
94%
121,525 8% Francja
93%
126,475 -26% Niemcy
90%
464,140 -17% Wielka Brytania
90%
864,325 18% Chiny
89%
898,050 57% Indie
82%
210,090 -22% Włochy
78%
138,350 4% Korea Południowa
58%
128,800 -8% Portugalia
57%
234,105 45% Pakistan
56%
182,940 45% Iran
50%
182,090 8% Wietnam
48%
719,575 43% Filipiny
45%
97,590 329% Syria
35%
145,355 13% Jamajka
26%
99,940 16% Haiti
23%
136,240 1% Sri Lanka
17%
95,725 15% Liban
15%
Nie znaleziono quizów pasujących do podanych kryteriów
Rozkład punktacji
Procent ludzi z każdym wynikiem
Percentyl według liczby udzielonych odpowiedzi
Twoja historia wyników
Nie rozwiązałeś tego quizu od ostatniego zresetowania